[Event "Eforie Nord Seacoast op 25th"]
[Site "Eforie Nord"]
[Date "2015.06.23"]
[Round "1"]
[White "Thesing, Matthias"]
[Black "Batranoiu, Adrian Dumitru"]
[Result "1-0"]
[WhiteElo "2315"]
[BlackElo "1835"]
[PlyCount "51"]
[EventDate "2015.06.23"]
[EventType "swiss"]
[EventRounds "10"]
[EventCountry "ROU"]
[SourceTitle "CBM 167 Extra"]
[Source "ChessBase"]
[SourceDate "2015.09.14"]
[SourceVersion "1"]
[SourceVersionDate "2015.09.14"]
[SourceQuality "1"]

1. e4 e5 2. Nf3 Nc6 3. Bb5 a6 4. Ba4 Nf6 5. 0-0 Be7 6. Re1 b5 7. Bb3 0-0 8. c3 d6 9. h3 Na5 10. Bc2 c5 11. d4 Qc7 12. Nbd2 Bb7 13. d5 c4 14. Nf1 Bc8 15. N3h2 Nd7 16. Ng3 Nb7 17. Nf5 Ndc5 18. f4 Bxf5 19. exf5 Bh4 20. Rf1 e4 21. Qh5 Bf6 22. Ng4 Qe7 23. Be3 g6 24. Qh6 Nd3 25. Bxd3 cxd3 26. Nxf6+ 1-0